000 01071nam0a22002771 4500
001 rc\3011557
005 20250810060007.0
035 _a(NLR Aleph) 007154064
090 _a7181447
_c7181447
100 _a20110923d1945 u y0rusy50 ca
101 0 _arus
102 _aRU
105 _aa z |||||
200 1 _aШахтные водоотливные трубопроводы
_fА.Н. Бредихин, доц., канд. техн. наук
205 _a2-е изд., испр. и доп.
210 _aСвердловск
_aМосква
_cМеталлургиздат
_d1945
_eСвердловск
_g5-я тип. треста "Полиграфкнига"
215 _a135 с.
_cил., черт.
_d21 см
320 _a"Литература", с. 134 (21 назв.)
700 1 _aБредихин
_bА.Н.
_gАлександр Николаевич
801 0 _aRU
_bNLR
_gpsbo
801 1 _aRU
_bELAR
_2rusmarc
852 _aNLR
_jТ26 Г-3/33
942 _cBOOK
945 _aРоссийская национальная библиотека
980 _aNB
980 _aBV